Tự học lập trình Pascal T.2 T.2
Zapisane w:
| 1. autor: | |
|---|---|
| Format: | Książka |
| Wydane: |
Giáo dục
1999
|
| Etykiety: |
Dodaj etykietę
Nie ma etykietki, Dołącz pierwszą etykiete!
|
| Thư viện lưu trữ: | Mạng thư viện Đại học Đà Nẵng |
|---|
| LEADER | 00572nam a2200229 a 4500 | ||
|---|---|---|---|
| 001 | 000028558 | ||
| 003 | 10663 | ||
| 005 | 20171030145630.0 | ||
| 008 | 171030s1999 | ||
| 020 | |c 8500 | ||
| 040 | |a LTT | ||
| 082 | 0 | |a 005.13 |b BU-H | |
| 100 | 1 | |a Bùi Việt Hà | |
| 245 | 0 | 0 | |a Tự học lập trình Pascal T.2 |c Bùi Việt Hà, Nguyễn Quang Hoà. |n T.2 |
| 260 | |b Giáo dục |c 1999 | ||
| OWN | |a LTT | ||
| 999 | |a From the UDN01 | ||
| TYP | |a Monograph | ||
| TYP | |a Printed language | ||
| 980 | |a Mạng thư viện Đại học Đà Nẵng | ||